000 00889nam a22002417a 4500
005 20130422115723.0
008 130422b xxu||||| |||| 00| 0 eng d
010 _aENG-106950
020 _a9788177082821
_c2385.00
035 _aEN-90483
037 _bDBAD/PUB
040 _aDPL
_bEng
082 _a338.954
100 1 _aSury, M. M.
245 1 0 _aTwenty years of economic reforms in India, 1991-2011 :
_bsector-wise description and assessment /
_cby M.M. Sury
246 3 _a20 years of economic reforms in India, 1991-2011
260 _aNew Delhi
_bNew Century Publications
_c2011
270 _a4800/24, Bharat Ram Road, Ansari Road, Darya Ganj
_bNew Delhi
_e110002
300 _aliii, 720 p.
_c25cm(Hb)
500 _aIncludes bibliographical references (p. [699]-706) and index.
651 0 _aIndia
_xEconomic policy
_y1991-
942 _2ddc
_cEN
_h338.954
_mSUR
999 _c74766
_d74766